| 000 | 00595nam a2200193 i 4500 | ||
|---|---|---|---|
| 001 | 37847 | ||
| 003 | ES-MaACL | ||
| 005 | 20231205205044.0 | ||
| 007 | t| | ||
| 008 | 030224s1976 sp ||||1| spa d | ||
| 100 | 1 |
_aCagigal, José María ( _qCagigal Gutiérrez) _933423 |
|
| 245 | 1 | 0 |
_aDeporte y agresión / _cJosé María Cagigal ; prólogo Juan Rof Carballo. |
| 250 | _a1ª ed. | ||
| 260 |
_a[Barcelona] : _bPlaneta, _c[1976] |
||
| 300 |
_a189 p., 8 lám. ; _c20 cm. |
||
| 700 | 1 |
_aRof Carballo, Juan, _d1905-1994 _998915 |
|
| 852 |
_aES-MaACL _jA-5853 _bR.94446 |
||
| 999 |
_c37847 _d37847 |
||